000 00419cam a2200169 4500
001 D13172
008 090401t1910 xxu||||| |||| 00| 0 eng d
035 _a(Sirsi) u8153
041 _aeng
100 _aKomstam, E.M.
245 4 _aThe law relating to the duties on land values and mineral rights
260 _aLondon
_bButterworth
_c1910
350 _a0
520 _aShelf 117
942 _n0
948 _c04/03/1997
999 _c86486
_d86486